Change on the way (Record no. 85099)

MARC details
000 -LEADER
fixed length control field 00814cab a22002295a 4500
001 - CONTROL NUMBER
control field L159980
008 - FIXED-LENGTH DATA ELEMENTS--GENERAL INFORMATION
fixed length control field 150113e2016 xxk 000 0 eng d
035 ## - SYSTEM CONTROL NUMBER
System control number (Sirsi) u159980
041 0# - LANGUAGE CODE
Language code of text/sound track or separate title eng
050 ## - LIBRARY OF CONGRESS CALL NUMBER
Classification number 306.026 $2 18
050 ## - LIBRARY OF CONGRESS CALL NUMBER
Classification number 711.026 $2 18
100 1# - MAIN ENTRY--PERSONAL NAME
Personal name Dixon, Julia
245 00 - TITLE STATEMENT
Title Change on the way
Medium [electronic resource]
260 ## - PUBLICATION, DISTRIBUTION, ETC.
Place of publication, distribution, etc. London
Name of publisher, distributor, etc. RICS
Date of publication, distribution, etc. 2016
490 ## - SERIES STATEMENT
Series statement RICS Building Surveying Journal
Volume/sequential designation October 2016 - November 2016, 16(1)
520 ## - SUMMARY, ETC.
Summary, etc. Describes the key changes set out in the Housing and Planning Act 2016.
650 24 - SUBJECT ADDED ENTRY--TOPICAL TERM
Topical term or geographic name entry element HOUSING AND PLANNING ACT 2016
650 24 - SUBJECT ADDED ENTRY--TOPICAL TERM
Topical term or geographic name entry element HOUSING LAW
690 ## - LOCAL SUBJECT ADDED ENTRY--TOPICAL TERM (OCLC, RLIN)
Topical term or geographic name as entry element Planning and development
9 (RLIN) 6259
856 40 - ELECTRONIC LOCATION AND ACCESS
Uniform Resource Identifier <a href="https://www.rics.org/Global/BSJ-BCJ%20Oct%20Nov%202016%20Interactive.pdf">https://www.rics.org/Global/BSJ-BCJ%20Oct%20Nov%202016%20Interactive.pdf</a>
Public note View the article free of charge at www.rics.org...
942 ## - ADDED ENTRY ELEMENTS (KOHA)
Suppress in OPAC 0
Holdings
Withdrawn status Lost status Source of classification or shelving scheme Damaged status Not for loan Home library Current library Shelving location Date acquired Total Checkouts Full call number Barcode Date last seen Copy number Price effective from Koha item type
    Dewey Decimal Classification     London London Journal article 13/04/2018   L159980 159980-1001 06/08/2019 1 06/08/2019 Journal article